[Event "AUTO-INT-3956"]
[Site "http://www.queenalice.com/game.php?id=1867679"]
[Date "2026.1.7"]
[Round "1"]
[White "ajr"]
[Black "Yanni"]
[Result "1-0"]
[WhiteElo "1617"]
[BlackElo "1475"]

1. d4 e6 2. a3 Nc6 3. Nf3 h6 4. Bf4 g5 5. Be3 Nf6 6. h3 Ne4 7. Qd3 f5 8. Ne5 Ne7
9. g4 d5 10. Nc3 Nf6 11. b4 fxg4 12. Nxg4 Nxg4 13. hxg4 Qd6 14. Nb5 Qd7 15. f4
a6 16. Nc3 gxf4 17. Bxf4 Rg8 18. Bxh6 Rxg4 19. Bxf8 Kxf8 20. Rh8+ Rg8 21. Rxg8+
Nxg8 22. Qf3+ Ke7 23. Bh3 Nf6 24. Qg3 Nh5 25. Qg5+ 1-0

[Event "AUTO-INT-3956"]
[Site "http://www.queenalice.com/game.php?id=1867680"]
[Date "2026.1.7"]
[Round "1"]
[White "Yanni"]
[Black "ajr"]
[Result "1-0"]
[WhiteElo "1465"]
[BlackElo "1620"]

1. e4 c5 2. Bc4 e6 3. e5 Nc6 4. Nf3 d5 5. Bb5 c4 6. Nc3 Bd7 7. d4 a6 8. Bxc6
Bxc6 9. Bg5 Qd7 10. h3 h6 11. Bf4 g5 12. Be3 Ne7 13. a3 Nf5 14. Bd2 b5 15. O-O
Be7 16. Qe2 f6 17. exf6 Bxf6 18. a4 b4 19. Na2 a5 20. Nc1 Bxd4 21. c3 Bf6 22.
cxb4 axb4 23. Bxb4 Bxa4 24. b3 Bxa1 25. bxa4 Qxa4 26. Qxe6+ Ne7 27. Qxe7# 1-0

[Event "AUTO-INT-3960"]
[Site "http://www.queenalice.com/game.php?id=1869214"]
[Date "2026.2.13"]
[Round "1"]
[White "game"]
[Black "Yanni"]
[Result "0-1"]
[WhiteElo "1610"]
[BlackElo "1493"]

1. e4 e5 2. Nf3 Qe7 3. Bc4 h6 4. d3 Nc6 5. O-O d6 6. Bb5 Bd7 7. a4 a6 8. Bc4 Nf6
9. Nc3 Bg4 10. b3 Nh5 11. Nd5 Qd7 12. Bb2 g5 13. h3 Bxh3 14. gxh3 Rg8 15. Nh2
Qxh3 16. Nxc7+ Kd7 17. Nxa8 Nf4 18. Qf3 g4 19. Nb6+ Kc7 20. Qxh3 Nxh3+ 21. Kh1
Kxb6 22. Ra3 Nb4 23. Bxf7 Rg7 24. c3 Nc6 25. Bd5 Kc7 26. f3 g3 27. Ng4 h5 28.
Ne3 Ne7 29. Kg2 Nf4+ 30. Kg1 Neg6 31. d4 Ne2+ 32. Kg2 Ngf4+ 33. Kh1 g2+ 34. Nxg2
Rxg2 35. Bc1 Ng3# 0-1

[Event "AUTO-INT-3960"]
[Site "http://www.queenalice.com/game.php?id=1869215"]
[Date "2026.2.13"]
[Round "1"]
[White "Yanni"]
[Black "game"]
[Result "0-1"]
[WhiteElo "1514"]
[BlackElo "1535"]

1. e4 c5 2. Bc4 e5 3. Nf3 d5 4. Bxd5 Nf6 5. Bc4 Bd6 6. Ng5 O-O 7. h3 Nc6 8. Nc3
h6 9. Nf3 Nh5 10. d3 Be6 11. Bb5 Qf6 12. Be3 Qg6 13. g4 Nf6 14. Rg1 Qh7 15. g5
hxg5 16. Nxg5 Qh4 17. Qf3 Nd4 18. Bxd4 cxd4 19. Rg4 Bxg4 20. hxg4 Qxg5 21. Ne2
Nxg4 22. Bd7 Nh2 23. Qh3 Bb4+ 24. c3 Rad8 25. Bf5 g6 26. cxb4 gxf5 27. Qxh2 f6
28. Ng3 Kf7 29. Nxf5 Rh8 30. Qg2 Qxg2 31. Kd2 Rh1 32. Rd1 Rc8 33. Nd6+ Kg6 34.
Rxh1 Qxh1 35. Nxc8 a6 36. Kc2 Qa1 37. Ne7+ Kg5 38. Nd5 Kg4 39. Nxf6+ Kf3 40. Kb3
b5 41. a4 Qxa4# 0-1

[Event "AUTO-INT-3962"]
[Site "http://www.queenalice.com/game.php?id=1870258"]
[Date "2026.3.9"]
[Round "1"]
[White "Yanni"]
[Black "EduardoRo"]
[Result "0-1"]
[WhiteElo "1484"]
[BlackElo "1357"]

1. e4 e5 2. Bc4 Nc6 3. Qf3 Nf6 4. h3 d6 5. d3 Be6 6. Bb5 a6 7. Bxc6+ bxc6 8. Nc3
d5 9. Bg5 Be7 10. Nge2 Qd6 11. exd5 cxd5 12. O-O h6 13. Be3 O-O 14. Qg3 Nh5 15.
Qf3 e4 16. dxe4 Nf6 17. Rad1 Qe5 18. Nf4 Rab8 19. g4 Rxb2 20. g5 Qxc3 21. Rd3
Qxc2 22. Rd2 Qc3 23. Rfd1 dxe4 24. Qe2 Bc4 25. Qe1 Bd6 26. Bd4 Qf3 27. Ng2 Qxh3
28. f3 Qh2+ 29. Kf2 Bg3+ 30. Ke3 Nd5+ 31. Kxe4 Re8+ 32. Kf5 Bxe1 33. Rxb2 Qh3#
0-1

[Event "AUTO-INT-3962"]
[Site "http://www.queenalice.com/game.php?id=1870259"]
[Date "2026.3.9"]
[Round "1"]
[White "EduardoRo"]
[Black "Yanni"]
[Result "1-0"]
[WhiteElo "1487"]
[BlackElo "1463"]

1. e4 e5 2. Nf3 Nc6 3. Bc4 Nh6 4. O-O d6 5. c3 Na5 6. Bb5+ c6 7. Ba4 Qf6 8. d4
Nc4 9. d5 Be7 10. Bg5 Qg6 11. Bxe7 Kxe7 12. Nh4 Qg5 13. g3 Bh3 14. f4 Qf6 15.
Qe2 b5 16. Bb3 Nb6 17. Rf2 exf4 18. Rxf4 Qg5 19. dxc6 Kd8 20. Bxf7 Nxf7 21. Rxf7
Re8 22. Nd2 Re7 23. Rxe7 Kxe7 24. Nf5+ Ke6 25. Nf3 Qf6 26. N3d4+ Kf7 27. Qh5+
Kf8 28. Qxh3 Re8 29. Rf1 Nc4 30. Qxh7 Rxe4 31. Nh6 Ke7 32. Rxf6 Kxf6 33. Qxe4
Ne5 34. Qf5+ Ke7 35. Ng8+ Ke8 36. c7 Nc6 37. c8=Q+ Nd8 38. Qcd7# 1-0